Canterbury Tales Pilgrims Quiz Stats

 Plays Quiz Updated Feb 7, 2020

Support Sporcle.
Go Orange.
Score 0/28 Timer 06:00
0 Plays Today
Prologue placement Pilgrim % Correct
FirstKnight
84.1%
FifthNun
68%
Twenty-firstWife of Bath
66.7%
SixthThree Priests
63.9%
Twenty-fourthMiller
59.6%
SecondSquire
51.7%
SeventhMonk
51%
Twenty-eightPardoner
46.7%
EighthFriar
43.3%
EighteenthCook
40.2%
NinthMerchant
34.6%
Twenty-sixthReeve
34.5%
Twenty-seventhSummoner
33.9%
Fourth Prioress
32%
Prologue placement Pilgrim % Correct
ThirdYeoman
31.8%
Twenty-secondParson
30.7%
TenthClerk
26.7%
TwelfthFranklin
25.5%
NineteenthShipman
22.5%
FourteenthCarpenter
21.5%
EleventhSergeant of the Law
21.4%
TwentiethDoctor of Medicine
20.8%
Twenty-thirdPlowman
19.7%
Twenty-fifthManciple
17.9%
FifteenthWeaver
15.7%
ThirteenthHaberdasher
15.1%
SixteenthDyer
13.5%
SeventeenthTapestry Maker
9%

From the Vault

The 12 Animals of Christmas!

by ZYX

Science 6m
But why the need for all these birds?
Remove Ads.
Support Sporcle.
Get the best of Sporcle when you Go Orange. This ad-free experience offers more features, more stats, and more fun while also helping to support Sporcle. Thank you for becoming a member.

Show Comments

Extras

Top Quizzes Today


Score Distribution

Your Account Isn't Verified!

In order to create a playlist on Sporcle, you need to verify the email address you used during registration. Go to your Sporcle Settings to finish the process.

Report this User

Report this user for behavior that violates our Community Guidelines.

Details: